Food Science And Technology (Record no. 14240)
[ view plain ]
| 000 -LEADER | |
|---|---|
| fixed length control field | 00395nam a22001577a 4500 |
| 003 - CONTROL NUMBER IDENTIFIER | |
| control field | OSt |
| 008 - FIXED-LENGTH DATA ELEMENTS--GENERAL INFORMATION | |
| fixed length control field | 230302b |||||||| |||| 00| 0 eng d |
| 020 ## - INTERNATIONAL STANDARD BOOK NUMBER | |
| ISBN | 9789382126188 |
| 041 ## - LANGUAGE CODE | |
| Language code of text/sound track or separate title | eng |
| 082 ## - DEWEY DECIMAL CLASSIFICATION NUMBER | |
| Classification number | 664 |
| Item number | Gop/Fo |
| 100 ## - MAIN ENTRY--AUTHOR NAME | |
| Personal name | Gopalakrishna Rao, M. |
| 245 ## - TITLE STATEMENT | |
| Title | Food Science And Technology |
| 260 ## - PUBLICATION, DISTRIBUTION, ETC. (IMPRINT) | |
| Place of publication | New Delhi |
| Name of publisher | Astha Publishers and Distributors |
| Year of publication | 2014 |
| 300 ## - PHYSICAL DESCRIPTION | |
| Number of Pages | 296 |
| 942 ## - ADDED ENTRY ELEMENTS (KOHA) | |
| Koha item type | Books |
| Withdrawn status | Lost status | Damaged status | Home library | Current library | Shelving location | Date acquired | Source of acquisition | Cost, normal purchase price | Full call number | Accession Number | Koha item type |
|---|---|---|---|---|---|---|---|---|---|---|---|
| KAUAET | KAUAET | General Stacks | 08/06/2016 | Professional Books Cochin | 1050.00 | 664 GOP/FO | 24250 | Books | |||
| KAUAET | KAUAET | 02/03/2023 | 664 Gop/Fo | Books |
